| 000 | 01643cam a2200349 a 4500 | ||
|---|---|---|---|
| 001 | 13140504 | ||
| 005 | 20060722153820.0 | ||
| 008 | 030328s2002 nyua |rb i000 0 eng d | ||
| 010 | _a 2003266578 | ||
| 020 | _a9789211262117 | ||
| 035 | _a(OCoLC)ocm50567861 | ||
| 040 |
_aORE _cORE _dDLC |
||
| 042 | _alccopycat | ||
| 043 | _ama----- | ||
| 050 | 0 | 0 |
_aHN766.A85 _bA73 2002 |
| 082 | 0 | 0 |
_a307.7640974927 _222 _bHUM |
| 245 | 0 | 4 |
_aChallenges to Human Security in the Arab Countries/ _cUnited Nations Development Programme. Regional Bureau for Arab States |
| 260 |
_aNew York : _bUnited Nations Development Programme, Regional Bureau for Arab States,2009 _cc2009 |
||
| 300 |
_a263 p. : _bill. ; _c30 cm. |
||
| 490 |
_aArab human development report ; _v2009 |
||
| 504 | _aIncludes bibliographical references (p. 211-226). | ||
| 650 | 0 |
_aQuality of life _zArab countries. _912496 |
|
| 651 | 0 |
_aArab countries _xSocial conditions. _912497 |
|
| 651 | 0 |
_aArab countries _xEconomic conditions. _912498 |
|
| 651 | 0 |
_aArab countries _xNational security _912495 |
|
| 710 | 2 |
_aUnited Nations Development Programme. _bRegional Bureau for Arab States. _912499 |
|
| 856 | 4 | 2 |
_3Publisher description _uhttp://www.loc.gov/catdir/enhancements/fy0615/2003266578-d.html |
| 856 | 4 | 1 |
_3Table of contents only _uhttp://www.loc.gov/catdir/enhancements/fy0615/2003266578-t.html |
| 942 |
_2ddc _cBB |
||
| 999 |
_c13637 _d13637 |
||